000 00677nam a2200241Ia 4500
003 OSt
005 20220924114636.0
006 a|||||r|||| 00| 0
007 ta
008 220923b |||||||| |||| 00| 0 san d
024 _a77426
037 _cTextual
040 _aARTS
_cARTS
_bsan
041 _2san
_asan
082 _aR693x1,2, 15J0
100 _aUmaswati
_9174662
245 0 _aPrasmartiprprkarana ed by Raja Kumarji
260 _aBombay
_bManilal Rewa Shankar Jagjivan Johri
_c1950
490 _aRaieandra jain sastra grthamala
650 _aJAIN PHILOSOPHY
942 _hR693x1,2, 15J0
_cTEXL
_2CC
999 _c394615
_d394615